000 00420nam a2200181Ia 4500
001 775
005 20260306140542.0
008 260306t2000||||xx |||||||||||||| ||spa||
041 _aESP
082 _a160
_bT79I
100 _aTrelles Montero, Óscar
_eAUT
245 0 _aIntroducción a la lógica
260 _c2000
300 _a388 páginas :
_c24 cm.
650 _aGEN
654 _aCHU
942 _cLIB
_dJUS
_fJUS
_2ddc
_n
999 _c775
_d775